[Event "VIE-ch"]
[Site "Hanoi"]
[Date "2024.03.15"]
[Round "8"]
[White "Pham, Huy Duc"]
[Black "Mai, Duc Kien"]
[Result "0-1"]
[WhiteElo "1720"]
[BlackElo "1632"]
[PlyCount "74"]
[EventDate "2024.03.11"]
[EventType "swiss"]
[EventRounds "9"]
[EventCountry "VIE"]
[SourceTitle "CBM 219 Extra"]
[Source "ChessBase"]
[SourceDate "2024.05.31"]
[SourceVersion "1"]
[SourceVersionDate "2024.05.31"]
[SourceQuality "1"]

1. e4 c5 2. Nf3 d6 3. Bb5+ Bd7 4. Bxd7+ Qxd7 5. c4 Nf6 6. Nc3 g6 7. d4 cxd4 8. Nxd4 Bg7 9. h3 0-0 10. 0-0 Rc8 11. b3 a6 12. Nd5 Nxd5 13. exd5 b5 14. Be3 bxc4 15. Rc1 Qb7 16. bxc4 Nd7 17. Nc6 Ne5 18. Nxe5 Bxe5 19. f4 Bg7 20. f5 Qb2 21. fxg6 hxg6 22. Qf3 Qf6 23. Qg4 Qe5 24. Rfe1 Qf6 25. h4 Rc7 26. h5 gxh5 27. Qxh5 Qg6 28. Qxg6 fxg6 29. c5 dxc5 30. Rxc5 Rxc5 31. Bxc5 Rd8 32. Bxe7 Rxd5 33. a3 Bd4+ 34. Kh2 Bf2 35. Bh4 Rh5 36. Re4 Rxh4+ 37. Rxh4 Bxh4 0-1

[Event "VIE-ch U11"]
[Site "Ho Chi Minh City"]
[Date "2022.07.14"]
[Round "5"]
[White "Bien, Hoang Gia Phu"]
[Black "Pham, Huy Duc"]
[Result "1/2-1/2"]
[WhiteElo "2363"]
[BlackElo "2366"]
[PlyCount "75"]
[EventDate "2022.07.11"]
[EventType "swiss"]
[EventRounds "9"]
[EventCountry "VIE"]
[SourceTitle "EXT 2023"]
[Source "ChessBase"]
[SourceDate "2022.10.05"]
[SourceVersion "1"]
[SourceVersionDate "2022.10.05"]
[SourceQuality "1"]

1. e4 e5 2. Nf3 Nf6 3. Nxe5 d6 4. Nf3 Nxe4 5. Qe2 Qe7 6. Nc3 Nxc3 7. Qxe7+ Bxe7 8. dxc3 0-0 9. Be2 Nc6 10. 0-0 Bf6 11. Be3 Re8 12. Rfe1 Bg4 13. h3 Bh5 14. Nd2 Bg6 15. Bd3 Re7 16. Bxg6 hxg6 17. Nf3 Rae8 18. Kf1 Ne5 19. Nxe5 Bxe5 20. Bd4 f6 21. Bxe5 Rxe5 22. Rxe5 dxe5 23. Rd1 Kf7 24. Ke2 Ke7 25. Ke3 Rd8 26. Rxd8 Kxd8 27. Ke4 Kd7 28. c4 Ke6 29. g4 g5 30. c3 g6 31. f3 f5+ 32. Ke3 c5 33. a3 a6 34. a4 Kd6 35. Kd3 b6 36. Ke3 Kc6 37. b3 Kd6 38. Kd3 1/2-1/2

[Event "VIE-ch U11"]
[Site "Ho Chi Minh City"]
[Date "2022.07.13"]
[Round "4"]
[White "Pham, Huy Duc"]
[Black "Cao, Tri Dung"]
[Result "1-0"]
[WhiteElo "2366"]
[BlackElo "2351"]
[PlyCount "53"]
[EventDate "2022.07.11"]
[EventType "swiss"]
[EventRounds "9"]
[EventCountry "VIE"]
[SourceTitle "EXT 2023"]
[Source "ChessBase"]
[SourceDate "2022.10.05"]
[SourceVersion "1"]
[SourceVersionDate "2022.10.05"]
[SourceQuality "1"]

1. e4 e5 2. Nf3 Nc6 3. Nc3 Nf6 4. Bb5 d6 5. d4 Bd7 6. dxe5 dxe5 7. 0-0 Be7 8. Bg5 0-0 9. Qd2 h6 10. Bxf6 Bxf6 11. Rad1 Bg4 12. Bxc6 bxc6 13. Qxd8 Rfxd8 14. h3 Bxf3 15. gxf3 Rab8 16. Rxd8+ Rxd8 17. Rd1 Rxd1+ 18. Nxd1 Kh7 19. Ne3 Kg6 20. Nc4 c5 21. Na5 a6 22. Nc6 Kg5 23. Nb8 a5 24. a4 Kf4 25. Kg2 g5 26. Na6 Be7 27. Nxc7 1-0

[Event "VIE-ch U11"]
[Site "Ho Chi Minh City"]
[Date "2022.07.12"]
[Round "3"]
[White "Nguyen, Quang Minh2"]
[Black "Pham, Huy Duc"]
[Result "1-0"]
[WhiteElo "2367"]
[BlackElo "2366"]
[PlyCount "91"]
[EventDate "2022.07.11"]
[EventType "swiss"]
[EventRounds "9"]
[EventCountry "VIE"]
[SourceTitle "EXT 2023"]
[Source "ChessBase"]
[SourceDate "2022.10.05"]
[SourceVersion "1"]
[SourceVersionDate "2022.10.05"]
[SourceQuality "1"]

1. d4 Nf6 2. c4 g6 3. Nc3 Bg7 4. e4 d6 5. Nf3 0-0 6. h3 Nc6 7. d5 Ne5 8. Nxe5 dxe5 9. Be2 e6 10. 0-0 exd5 11. exd5 Bf5 12. Be3 b6 13. Rc1 Ne8 14. Re1 Nd6 15. b4 a5 16. a3 Ne4 17. Nxe4 Bxe4 18. f3 Bf5 19. c5 Bd7 20. c6 Bf5 21. d6 Be6 22. b5 f5 23. Bc4 Bxc4 24. Rxc4 Kh8 25. dxc7 Qxc7 26. Qd7 Qxd7 27. cxd7 Rab8 28. Rec1 Bf6 29. Rc8 Kg7 30. R1c7 Be7 31. Rxb8 Rxb8 32. d8Q Rxd8 33. Rxe7+ Kg8 34. Rxe5 Rd6 35. Re7 Kh8 36. Rb7 Rd3 37. Bh6 Kg8 38. Rxb6 Kf7 39. Rb7+ Ke6 40. Bf8 Rb3 41. a4 Rb1+ 42. Kh2 Ra1 43. b6 Rxa4 44. Re7+ Kf6 45. b7 Rb4 46. Rf7+ 1-0

[Event "VIE-ch U11"]
[Site "Hanoi"]
[Date "2022.06.15"]
[Round "6"]
[White "Duong, Vu Anh"]
[Black "Pham, Huy Duc"]
[Result "0-1"]
[WhiteElo "2398"]
[BlackElo "2392"]
[PlyCount "160"]
[EventDate "2022.06.11"]
[EventType "swiss"]
[EventRounds "7"]
[EventCountry "VIE"]
[SourceTitle "EXT 2023"]
[Source "ChessBase"]
[SourceDate "2022.10.05"]
[SourceVersion "1"]
[SourceVersionDate "2022.10.05"]
[SourceQuality "1"]

1. c4 e5 2. Nc3 Bb4 3. Nd5 Bc5 4. e3 Nf6 5. b4 Nxd5 6. bxc5 Nf6 7. d4 exd4 8. exd4 0-0 9. Be2 Re8 10. Nf3 b6 11. cxb6 axb6 12. 0-0 h6 13. d5 d6 14. Bb2 Na6 15. Nd4 Bd7 16. Bd3 Nc5 17. Bc2 Na4 18. Bxa4 Bxa4 19. Qf3 Nd7 20. Nf5 Ne5 21. Qc3 Qf6 22. Nxg7 Qxg7 23. f4 Nf3+ 24. Rxf3 Qxc3 25. Bxc3 Kh7 26. f5 Re4 27. Rh3 Re2 28. g4 Rg8 29. Rh4 Bc2 30. Rf1 Re4 31. h3 Bd3 32. Rf2 Bxc4 33. Bf6 Rge8 34. Rh5 Re1+ 35. Kh2 Bxd5 36. Bg5 Ra8 37. Bxh6 Rh1+ 38. Kg3 Ra3+ 39. Be3+ Kg7 40. f6+ Kg8 41. Kf4 Ra4+ 42. Kg5 Be6 43. Kh6 Ra5 44. Rf3 Rxh5+ 45. Kxh5 Bxa2 46. Bh6 Bd5 47. Re3 Be6 48. h4 Rg1 49. Re4 d5 50. Rf4 c5 51. Bg7 d4 52. Rf2 Bxg4+ 53. Kg5 Be2+ 54. Kf4 d3 55. Ke3 Rg4 56. Rf5 Rxh4 57. Rd5 Rd4 58. Rxd4 cxd4+ 59. Kd2 Kh7 60. Bf8 Kg6 61. Be7 b5 62. Ke1 Kf5 63. Kd2 Ke4 64. Ba3 Kd5 65. Bf8 Kc4 66. Be7 b4 67. Bd6 b3 68. Ba3 Kd5 69. Bb2 Ke5 70. Ba1 Kxf6 71. Bxd4+ Kf5 72. Bb2 Ke4 73. Bc1 f5 74. Ke1 f4 75. Bb2 Ke3 76. Bc1+ Kf3 77. Bb2 Kg2 78. Bd4 f3 79. Kd2 f2 80. Bxf2 Kxf2 0-1

[Event "Kaspersky op U16"]
[Site "Tornelo INT"]
[Date "2021.04.02"]
[Round "7"]
[White "Pham, Huy Duc"]
[Black "Kovalskyi, Roman"]
[Result "0-1"]
[WhiteElo "1385"]
[BlackElo "1716"]
[PlyCount "102"]
[EventDate "2021.04.02"]
[EventType "swiss (blitz)"]
[EventRounds "11"]
[EventCountry "RUS"]
[SourceTitle "CBM 201 Extra"]
[Source "ChessBase"]
[SourceDate "2021.05.31"]
[SourceVersion "1"]
[SourceVersionDate "2021.05.31"]
[SourceQuality "1"]

1. e4 c5 2. Nf3 g6 3. d4 cxd4 4. Qxd4 Nf6 5. e5 Nc6 6. Qd1 Nxe5 7. Nxe5 Qa5+ 8. Nc3 Qxe5+ 9. Be2 Bg7 10. 0-0 0-0 11. Be3 d5 12. Bd4 Qd6 13. Nb5 Qc6 14. Be5 Ne8 15. Bxg7 Nxg7 16. Nc3 Be6 17. Bf3 Rfd8 18. Qd2 Qd7 19. Rad1 d4 20. Ne2 Bxa2 21. b3 d3 22. Nf4 dxc2 23. Qxc2 Qf5 24. Qxa2 Qxf4 25. Bxb7 Rab8 26. Qxa7 Rxd1 27. Rxd1 Qc7 28. Qd4 Ne6 29. Qd7 Rxb7 30. Qxc7 Rxc7 31. b4 Rb7 32. Rb1 Nc5 33. b5 Rb6 34. Kf1 Na4 35. Ke1 Nc3 36. Rb3 Nxb5 37. Kd2 Rd6+ 38. Ke3 Nd4 39. Rb8+ Kg7 40. f3 Nf5+ 41. Kf2 Rd2+ 42. Kf1 Ne3+ 43. Ke1 Rxg2 44. Rb3 Nf5 45. Kf1 Rxh2 46. Kg1 Rc2 47. Kf1 h5 48. Kg1 h4 49. Kf1 h3 50. Kg1 h2+ 51. Kh1 Ng3# 0-1

[Event "VIE-ch"]
[Site "Ho Chi Minh City"]
[Date "2021.03.29"]
[Round "8"]
[White "Duong, Vu Anh"]
[Black "Pham, Huy Duc"]
[Result "1-0"]
[WhiteElo "1473"]
[BlackElo "1385"]
[PlyCount "161"]
[EventDate "2021.03.24"]
[EventType "swiss"]
[EventRounds "9"]
[EventCountry "VIE"]
[SourceTitle "EXT 2022"]
[Source "ChessBase"]
[SourceDate "2021.10.06"]
[SourceVersion "1"]
[SourceVersionDate "2021.10.06"]
[SourceQuality "1"]

1. d4 Nf6 2. Bg5 g6 3. Bxf6 exf6 4. e3 Bg7 5. g3 0-0 6. Bg2 Re8 7. Ne2 d5 8. Nd2 c6 9. 0-0 Bf5 10. Re1 Na6 11. Nf4 Nb4 12. Bf1 Nxc2 13. g4 Bh6 14. gxf5 Nxe1 15. Nh3 Qd7 16. fxg6 hxg6 17. Qxe1 Kg7 18. Bg2 Qd6 19. a3 Rh8 20. Nf1 Rh7 21. f4 Re8 22. Rc1 Rhh8 23. Qg3 b6 24. Rd1 Re7 25. Kf2 Rhe8 26. Bf3 a5 27. Rd3 b5 28. Qg4 f5 29. Qg2 Qf6 30. Ng5 Bxg5 31. fxg5 Qd6 32. Qg3 Qxg3+ 33. hxg3 f6 34. gxf6+ Kxf6 35. Rc3 Re6 36. Nd2 a4 37. b3 axb3 38. Nxb3 Rd6 39. Na5 Rc8 40. Be2 g5 41. Bxb5 Rd7 42. Nxc6 Rdc7 43. Rc5 Ke6 44. Nd8+ Kd6 45. Nf7+ Ke7 46. Rxc7+ Rxc7 47. Nxg5 Rc2+ 48. Kf3 Kf6 49. Nh3 Rc3 50. a4 Ra3 51. Nf4 Ke7 52. Nxd5+ Kd6 53. Nb6 Ra1 54. Kf4 Ke6 55. Bc4+ Kf6 56. d5 Ke7 57. Ke5 Kd8 58. d6 Ra3 59. Kf4 Ke8 60. d7+ Kd8 61. Bb5 Ra2 62. Kf3 Ra3 63. Nc4 Ra2 64. Nd6 Rd2 65. Nf7+ Ke7 66. d8Q+ Rxd8 67. Nxd8 Kxd8 68. a5 Kc7 69. a6 Kb8 70. Bc6 Ka7 71. Bb7 Kb6 72. Kf4 Ka7 73. Kxf5 Kb6 74. e4 Ka7 75. e5 Kb6 76. e6 Ka7 77. e7 Kb6 78. e8Q Ka7 79. Qc6 Kb8 80. Ba8 Ka7 81. Qb7# 1-0

[Event "VIE-ch"]
[Site "Ho Chi Minh City"]
[Date "2021.03.25"]
[Round "3"]
[White "Le, Quang Vinh"]
[Black "Pham, Huy Duc"]
[Result "1-0"]
[WhiteElo "1833"]
[BlackElo "1385"]
[PlyCount "141"]
[EventDate "2021.03.24"]
[EventType "swiss"]
[EventRounds "9"]
[EventCountry "VIE"]
[SourceTitle "EXT 2022"]
[Source "ChessBase"]
[SourceDate "2021.10.06"]
[SourceVersion "1"]
[SourceVersionDate "2021.10.06"]
[SourceQuality "1"]

1. e4 e5 2. Nf3 Nf6 3. d4 exd4 4. e5 Qe7 5. Be2 Nd5 6. Qxd4 Nb6 7. 0-0 Nc6 8. Qf4 g6 9. b3 Bg7 10. Bb2 Nd5 11. Qe4 Nf6 12. exf6 Qxe4 13. fxg7 Rg8 14. Bd3 Qf4 15. Re1+ Kd8 16. Re4 Qxe4 17. Bxe4 d6 18. Nc3 Be6 19. Ne2 d5 20. Bd3 h6 21. Nf4 Kd7 22. c4 Nb4 23. cxd5 Nxd5 24. Nxe6 Kxe6 25. Re1+ Kd6 26. Bc4 c6 27. Ba3+ Kd7 28. Bxd5 cxd5 29. Ne5+ Kc7 30. Rc1+ Kb6 31. Bf8 a5 32. Nd7+ Kb5 33. a4+ Ka6 34. Nf6 Rgxf8 35. gxf8Q Rxf8 36. Nxd5 b5 37. Nc7+ Kb6 38. Nxb5 Rd8 39. Kf1 Rd3 40. Rc3 Rd1+ 41. Ke2 Rd5 42. Ke3 Re5+ 43. Kd3 Rd5+ 44. Nd4 Re5 45. Rc6+ Kb7 46. Rf6 Re7 47. Kc4 Rc7+ 48. Kb5 Rd7 49. Kc5 Rc7+ 50. Nc6 Ka6 51. b4 axb4 52. Kxb4 Kb7 53. Kb5 Rd7 54. Rxf7 Rxf7 55. Nd8+ Kc7 56. Nxf7 Kb7 57. a5 Ka7 58. Ne5 g5 59. a6 Ka8 60. Nf7 Ka7 61. Nxh6 Ka8 62. g3 g4 63. Nxg4 Ka7 64. h4 Ka8 65. h5 Ka7 66. h6 Ka8 67. h7 Ka7 68. Ne5 Ka8 69. h8Q+ Ka7 70. Qg7+ Ka8 71. Qb7# 1-0